书目信息 |
| 题名: |
家居的安全与环保
|
|
| 作者: | 张晶 , 姚振学 编著 | |
| 分册: | ||
| 出版信息: | 北京 中国建筑工业出版社 2006.07 |
|
| 页数: | 180页 | |
| 开本: | 23cm | |
| 丛书名: | 放心家装丛书 | |
| 单 册: | ||
| 中图分类: | TS975 | |
| 科图分类: | ||
| 主题词: | 家庭生活--jia ting sheng huo--安全--知识 , 家庭生活--jia ting sheng huo--环境保护 | |
| 电子资源: | ||
| ISBN: | 7-112-08283-8 | |
| 000 | 01041nam 2200265 450 | |
| 001 | 012007060679 | |
| 005 | 20070920162123.37 | |
| 010 | @a7-112-08283-8@dCNY30.00 | |
| 100 | @a20070821d2006 km y0chiy0120 ea | |
| 101 | 0 | @achi |
| 102 | @aCN@b110000 | |
| 105 | @aa z 000yy | |
| 200 | 1 | @a家居的安全与环保@Ajia ju de an quan yu huan bao@f张晶, 姚振学编著@Fzhang jing,yao zhen xue bian zhu |
| 210 | @a北京@c中国建筑工业出版社@d2006.07 | |
| 215 | @a180页@c图@d23cm | |
| 225 | 2 | @a放心家装丛书@Afang xin jia zhuang cong shu |
| 330 | @a本书通过介绍家庭生活中考虑安全和环保时应注意的方方面面,教会读者如何营造健康、安全的生活环境。全书共分上、下篇:上篇介绍了家居安全,如电气安全、安防、儿童家居安全、装修改造安全等;下篇介绍了家居环保知识。 | |
| 410 | 0 | @12001 @a放心家装丛书 |
| 606 | 0 | @a家庭生活@Ajia ting sheng huo@x安全@x知识 |
| 606 | 0 | @a家庭生活@Ajia ting sheng huo@x环境保护 |
| 690 | @aTS975@v4 | |
| 701 | 0 | @a张晶@Azhang jing@4编著 |
| 701 | 0 | @a姚振学@Ayao zhen xue@4编著 |
| 801 | 0 | @aCN@c20070920 |
| 905 | @dTS975@eZ122 | |
| 家居的安全与环保/张晶, 姚振学编著.-北京:中国建筑工业出版社,2006.07 |
| 180页:图;23cm.-(放心家装丛书) |
| ISBN 7-112-08283-8:CNY30.00 |
| 本书通过介绍家庭生活中考虑安全和环保时应注意的方方面面,教会读者如何营造健康、安全的生活环境。全书共分上、下篇:上篇介绍了家居安全,如电气安全、安防、儿童家居安全、装修改造安全等;下篇介绍了家居环保知识。 |
| ● |
| 相关链接 |
|
|
|
正题名:家居的安全与环保
索取号:TS975/Z122
 
预约/预借
| 序号 | 登录号 | 条形码 | 馆藏地/架位号 | 状态 | 备注 |
| 1 | 260112 | 202601121 | 自科库501/501自科库 46排2列4层/ [索取号:TS975/Z122] | 在馆 | |
| 2 | 260113 | 202601130 | 自科库501/501自科库 46排2列4层/ [索取号:TS975/Z122] | 在馆 |